| 000 | 00516nam a22001817a 4500 | ||
|---|---|---|---|
| 005 | 20260423163806.0 | ||
| 008 | 260423b |||||||| |||| 00| 0 eng d | ||
| 020 |
_a9781032557540 _c1695.00 |
||
| 040 | _aMAIN | ||
| 041 | _aEnglish | ||
| 082 |
_a333.71 _bECC |
||
| 100 |
_aEccleston, Charles H _926732 |
||
| 245 |
_aEnvironmental Impact Assessment _b: A Guide to Best Professional Practices |
||
| 260 |
_aLondon, _bCRC Press _c2023 |
||
| 300 | _a268 | ||
| 650 |
_aEnvironment Science (PM USHA) _926725 |
||
| 942 | _cBK | ||
| 999 |
_c60721 _d60721 |
||